000 00481nam a2200169 i 4500
001 29784
003 ES-MaACL
005 20250920063033.0
007 t|
008 030122q19001999fr ||||1| fre d
100 1 _aBarrès, Maurice,
_d1862-1923
_925947
245 1 3 _aLe jardin de Bérémice /
_cMaurice Barrés.
260 _aParís :
_b[s.n.,
_c19--?] (
_eLagny :
_fEmile Colin)
300 _a296 p. ;
_c19 cm.
852 _aES-MaACL
_jG-14872
999 _c29784
_d29784